[Event "Oberliga Ost A 2018 2019"]
[Site "?"]
[Date "2018.11.10"]
[Round "2.2"]
[White "Heistermann, Till"]
[Black "Heinrich, Thomas"]
[Result "1-0"]
[WhiteElo "2188"]
[BlackElo "2201"]
[PlyCount "77"]
[EventDate "2018.10.21"]
[EventType "team-tourn"]
[EventCountry "GER"]
[WhiteTeam "Leipzig SG"]
[BlackTeam "Leipzig VfB Schach"]
[WhiteTeamCountry "GER"]
[BlackTeamCountry "GER"]

1. e4 c5 2. Nf3 e6 3. d3 Nc6 4. g3 d5 5. Nbd2 Nf6 6. Bg2 Be7 7. O-O O-O 8. Re1
Rb8 9. e5 Nd7 10. Nf1 b5 11. h4 Nd4 12. N1h2 Nxf3+ 13. Nxf3 Rb6 14. Bf4 d4 15.
Nd2 f5 16. exf6 gxf6 17. Bh6 Rf7 18. Rxe6 Ne5 19. Rxb6 axb6 20. Qe2 Bf8 21.
Bxf8 Kxf8 22. Re1 Re7 23. Qf1 b4 24. Nf3 Nf7 25. Rxe7 Qxe7 26. a3 bxa3 27. bxa3
Qa7 28. Qc1 Be6 29. Nd2 h6 30. Ne4 f5 31. Nf6 b5 32. Nh5 Qc7 33. Nf4 Qd6 34.
Qe1 Bd7 35. Qa5 Bc6 36. Qa6 Bxg2 37. Qc8+ Kg7 38. Kxg2 Ne5 39. Qxc5 1-0

[Event "Oberliga Ost A 2018 2019"]
[Site "?"]
[Date "2018.11.10"]
[Round "2.3"]
[White "Geiling, Christian"]
[Black "Pietzsch, Manuel"]
[Result "1/2-1/2"]
[WhiteElo "2176"]
[BlackElo "2167"]
[PlyCount "20"]
[EventDate "2018.10.21"]
[EventType "team-tourn"]
[EventCountry "GER"]
[WhiteTeam "Leipzig VfB Schach"]
[BlackTeam "Leipzig SG"]
[WhiteTeamCountry "GER"]
[BlackTeamCountry "GER"]

1. d4 Nf6 2. Nf3 e6 3. c4 Bb4+ 4. Bd2 Qe7 5. g3 Bxd2+ 6. Nbxd2 b6 7. Bg2 Bb7 8.
O-O O-O 9. Qc2 d6 10. Rad1 Nbd7 1/2-1/2

[Event "Oberliga Ost A 2018 2019"]
[Site "?"]
[Date "2018.11.10"]
[Round "2.4"]
[White "Nguyen, Alex Dac Vuong"]
[Black "Rohne, Lars"]
[Result "1/2-1/2"]
[WhiteElo "2153"]
[BlackElo "2150"]
[PlyCount "53"]
[EventDate "2018.10.21"]
[EventType "team-tourn"]
[EventCountry "GER"]
[WhiteTeam "Leipzig SG"]
[BlackTeam "Leipzig VfB Schach"]
[WhiteTeamCountry "GER"]
[BlackTeamCountry "GER"]

1. e4 c5 2. Nf3 d6 3. d4 cxd4 4. Nxd4 Nf6 5. f3 e5 6. Nb3 Be7 7. c4 a5 8. Be3
a4 9. Nc1 Qa5+ 10. Nc3 Nc6 11. Qd2 Be6 12. Be2 O-O 13. Nb5 Qxd2+ 14. Kxd2 Rfc8
15. Rb1 Ne8 16. Bd3 Nb4 17. b3 g6 18. Na7 Rc7 19. Bb6 Bg5+ 20. Kc3 Bxc1 21.
Kxb4 Bd2+ 22. Ka3 axb3 23. Kxb3 Re7 24. a4 Nc7 25. Rhd1 Ba5 26. Bxa5 Rxa7 27.
Bb4 1/2-1/2

[Event "Oberliga Ost A 2018 2019"]
[Site "?"]
[Date "2018.11.10"]
[Round "2.5"]
[White "Collini, Carsten"]
[Black "Roesemann, Rainer"]
[Result "0-1"]
[WhiteElo "2138"]
[BlackElo "2226"]
[PlyCount "102"]
[EventDate "2018.10.21"]
[EventType "team-tourn"]
[EventCountry "GER"]
[WhiteTeam "Leipzig VfB Schach"]
[BlackTeam "Leipzig SG"]
[WhiteTeamCountry "GER"]
[BlackTeamCountry "GER"]

1. e4 c6 2. d4 d5 3. Nc3 dxe4 4. Nxe4 Nf6 5. Ng3 e6 6. Nf3 c5 7. Bb5+ Bd7 8.
Bxd7+ Nbxd7 9. O-O Be7 10. Re1 O-O 11. c3 Re8 12. Qb3 Qb6 13. Qxb6 Nxb6 14. Bg5
Na4 15. dxc5 Nxb2 16. Reb1 Na4 17. Rxb7 Nxc5 18. Rc7 Bd6 19. Rc6 Bxg3 20. Bxf6
Bxf2+ 21. Kxf2 Ne4+ 22. Kf1 gxf6 23. Re1 f5 24. g4 Rec8 25. Nd4 Rxc6 26. Nxc6
Nxc3 27. gxf5 exf5 28. a3 Kg7 29. Re5 Kf6 30. Ra5 a6 31. Nb4 Nb5 32. h4 Kg6 33.
Kf2 Nc7 34. Kg3 f6 35. Rc5 Nb5 36. a4 Nd4 37. Nd3 Ne6 38. Rc6 Kf7 39. a5 Rd8
40. Nf4 Rg8+ 41. Kh2 Nxf4 42. Rxa6 Rg2+ 43. Kh1 Ra2 44. Ra7+ Kg6 45. a6 h6 46.
Ra8 Kh5 47. a7 Kxh4 48. Kg1 Nh3+ 49. Kh1 Ng5 50. Kg1 Kg3 51. Kf1 f4 0-1

[Event "Oberliga Ost A 2018 2019"]
[Site "?"]
[Date "2018.11.10"]
[Round "2.6"]
[White "Weitzer, Steffen"]
[Black "Just, Wolfgang"]
[Result "1-0"]
[WhiteElo "2283"]
[BlackElo "2094"]
[PlyCount "115"]
[EventDate "2018.10.21"]
[EventType "team-tourn"]
[EventCountry "GER"]
[WhiteTeam "Leipzig SG"]
[BlackTeam "Leipzig VfB Schach"]
[WhiteTeamCountry "GER"]
[BlackTeamCountry "GER"]

1. d4 e6 2. Bf4 f5 3. g4 fxg4 4. h3 gxh3 5. Nc3 Bd6 6. Nxh3 Bxf4 7. Nxf4 Qg5 8.
e3 Nf6 9. Qd3 Nc6 10. O-O-O b6 11. Nb5 Kd8 12. Bh3 a6 13. Nc3 Qa5 14. a3 Ne7
15. Bg2 Rb8 16. d5 exd5 17. Ncxd5 Nexd5 18. Nxd5 Qb5 19. Qd4 Qc5 20. Qh4 Qf8
21. Nf4 Qe8 22. Qg5 d6 23. Qxg7 Qf8 24. Qg5 Rg8 25. Qh4 Rg4 26. Qh2 Bd7 27. Bf3
Rg7 28. Rhg1 Rxg1 29. Qxg1 Ke7 30. Qg5 c6 31. Nh5 Qf7 32. Qxf6+ Qxf6 33. Nxf6
Kxf6 34. Rxd6+ Ke7 35. Rh6 Rf8 36. Rxh7+ Kd6 37. Be2 Rxf2 38. Rh6+ Kc7 39. Bd3
b5 40. b4 Rf8 41. Kd2 a5 42. Rh7 axb4 43. axb4 Kd6 44. Kc3 Re8 45. Kd4 Be6 46.
e4 Bc4 47. Bxc4 bxc4 48. e5+ Rxe5 49. Rh6+ Re6 50. Rxe6+ Kxe6 51. Kxc4 Kd6 52.
c3 Kd7 53. Kc5 Kc7 54. c4 Kb7 55. Kd6 Kb6 56. c5+ Kb5 57. Kd7 Kxb4 58. Kxc6 1-0

[Event "Oberliga Ost A 2018 2019"]
[Site "?"]
[Date "2018.11.10"]
[Round "2.7"]
[White "Mader, Joerg"]
[Black "Hoffmann, Hendrik"]
[Result "0-1"]
[WhiteElo "2097"]
[BlackElo "2277"]
[PlyCount "40"]
[EventDate "2018.10.21"]
[EventType "team-tourn"]
[EventCountry "GER"]
[WhiteTeam "Leipzig VfB Schach"]
[BlackTeam "Leipzig SG"]
[WhiteTeamCountry "GER"]
[BlackTeamCountry "GER"]

1. d4 d5 2. c4 dxc4 3. Nc3 e5 4. dxe5 Qxd1+ 5. Kxd1 Be6 6. Nf3 Nc6 7. Bg5 h6 8.
Bd2 g5 9. Nb5 O-O-O 10. e3 Bb4 11. Nfd4 Nxd4 12. exd4 Bxd2 13. Kxd2 a6 14. Na3
Rxd4+ 15. Kc3 Rf4 16. Bxc4 Ne7 17. f3 Bxc4 18. Nxc4 Nd5+ 19. Kd3 Rd8 20. Rhc1
Nb6+ 0-1

[Event "Oberliga Ost A 2018 2019"]
[Site "?"]
[Date "2018.11.10"]
[Round "2.8"]
[White "Rausch, Stephan"]
[Black "Mueller, Giso"]
[Result "1/2-1/2"]
[WhiteElo "2234"]
[BlackElo "2123"]
[PlyCount "44"]
[EventDate "2018.10.21"]
[EventType "team-tourn"]
[EventCountry "GER"]
[WhiteTeam "Leipzig SG"]
[BlackTeam "Leipzig VfB Schach"]
[WhiteTeamCountry "GER"]
[BlackTeamCountry "GER"]

1. d4 Nf6 2. Nf3 c5 3. c3 b6 4. g3 Bb7 5. Bg2 d6 6. O-O g6 7. Bg5 Nbd7 8. Nbd2
Bg7 9. Re1 h6 10. Bxf6 Bxf6 11. e4 cxd4 12. cxd4 Bg7 13. a4 O-O 14. a5 bxa5 15.
Nb3 Rb8 16. Nxa5 Ba8 17. b3 Rb4 18. Qd2 Qb6 19. Nc4 Qb8 20. Na5 Qb6 21. Nc4 Qb8
22. Na5 Qb6 1/2-1/2

[Event "Oberliga Ost A 2018 2019"]
[Site "?"]
[Date "2018.11.11"]
[Round "3.1"]
[White "Natsidis, Christoph"]
[Black "Pulpan, Jakub"]
[Result "0-1"]
[WhiteElo "2315"]
[BlackElo "2412"]
[PlyCount "64"]
[EventDate "2018.10.21"]
[EventType "team-tourn"]
[EventCountry "GER"]
[WhiteTeam "Leipzig SG"]
[BlackTeam "Aue ESV Nickelhuette II"]
[WhiteTeamCountry "GER"]
[BlackTeamCountry "GER"]

1. Nf3 Nf6 2. c4 e6 3. g3 d5 4. Bg2 Be7 5. O-O O-O 6. b3 b6 7. Bb2 Bb7 8. Ne5
Nbd7 9. Nxd7 Qxd7 10. d4 Rfd8 11. Nd2 c5 12. dxc5 bxc5 13. cxd5 exd5 14. Qc2 d4
15. Ne4 Nxe4 16. Bxe4 h5 17. Rfd1 Rac8 18. Qd3 h4 19. Rac1 Bf6 20. Ba3 Bxe4 21.
Qxe4 Re8 22. Qf3 Qb5 23. Rc4 h3 24. Qf5 Qa6 25. Bxc5 Qxa2 26. Qxh3 Qxb3 27.
Rdc1 Bg5 28. R1c2 Qb1+ 29. Qf1 Qb5 30. e3 d3 31. Rc1 Re5 32. Rb4 Rexc5 0-1

[Event "Oberliga Ost A 2018 2019"]
[Site "?"]
[Date "2018.11.11"]
[Round "3.2"]
[White "Cerveny, Martin"]
[Black "Heistermann, Till"]
[Result "1-0"]
[WhiteElo "2339"]
[BlackElo "2188"]
[PlyCount "51"]
[EventDate "2018.10.21"]
[EventType "team-tourn"]
[EventCountry "GER"]
[WhiteTeam "Aue ESV Nickelhuette II"]
[BlackTeam "Leipzig SG"]
[WhiteTeamCountry "GER"]
[BlackTeamCountry "GER"]

1. d4 Nf6 2. Nf3 g6 3. c4 c5 4. d5 b5 5. cxb5 a6 6. e3 d6 7. Nc3 Bg7 8. a4 O-O
9. e4 axb5 10. Bxb5 Ba6 11. Bf4 Qa5 12. O-O Nbd7 13. Re1 Bxb5 14. axb5 Qb6 15.
h3 Qb7 16. Qd2 Nb6 17. Qe2 Rxa1 18. Rxa1 Ra8 19. Ra6 c4 20. Rxa8+ Qxa8 21. Nd4
Nfxd5 22. exd5 Bxd4 23. Qxe7 Nxd5 24. Nxd5 Qxd5 25. Qd8+ Kg7 26. Bxd6 1-0

[Event "Oberliga Ost A 2018 2019"]
[Site "?"]
[Date "2018.11.11"]
[Round "3.4"]
[White "Schnabel, Ralf"]
[Black "Nguyen, Alex Dac Vuong"]
[Result "0-1"]
[WhiteElo "2210"]
[BlackElo "2153"]
[PlyCount "120"]
[EventDate "2018.10.21"]
[EventType "team-tourn"]
[EventCountry "GER"]
[WhiteTeam "Aue ESV Nickelhuette II"]
[BlackTeam "Leipzig SG"]
[WhiteTeamCountry "GER"]
[BlackTeamCountry "GER"]

1. e4 e6 2. d4 d5 3. Nd2 Be7 4. e5 c5 5. c3 Nc6 6. Ndf3 Qb6 7. Bd3 cxd4 8. cxd4
Nh6 9. Ne2 Nf5 10. b3 Bd7 11. Bb2 Rc8 12. O-O O-O 13. Rc1 g6 14. Qd2 Nb4 15.
Bb1 Bb5 16. Rfd1 Bxe2 17. Qxe2 Qa6 18. Qxa6 Nxa6 19. g4 Ng7 20. h3 Rfd8 21. Ne1
Kf8 22. f4 Ke8 23. Nf3 Nb8 24. Kf2 a6 25. Ke3 Nc6 26. f5 exf5 27. gxf5 gxf5 28.
Rg1 Bf8 29. Rcd1 Ne7 30. Nh4 Rc6 31. Nf3 Rh6 32. Rh1 Ng6 33. Kf2 Be7 34. Bc1
Rh5 35. Bd2 Ne6 36. Rc1 Kd7 37. Bd3 Ngf4 38. Bf1 Rh6 39. Rc2 Rc8 40. Rxc8 Kxc8
41. a4 Kc7 42. Ba5+ Kd7 43. Bd2 Bh4+ 44. Ke3 Rh5 45. b4 Bd8 46. a5 Kc6 47. Kf2
Bh4+ 48. Ke3 h6 49. Nxh4 Rxh4 50. Be1 Rh5 51. h4 Ng6 52. Be2 f4+ 53. Kd3 Rf5
54. Bg4 Rxe5 55. dxe5 Nxe5+ 56. Kc3 d4+ 57. Kb3 Nxg4 58. Bd2 Kd5 59. b5 f3 60.
bxa6 bxa6 0-1

[Event "Oberliga Ost A 2018 2019"]
[Site "?"]
[Date "2018.11.11"]
[Round "3.5"]
[White "Roesemann, Rainer"]
[Black "Heinz, Thomas"]
[Result "1-0"]
[WhiteElo "2226"]
[BlackElo "2143"]
[PlyCount "71"]
[EventDate "2018.10.21"]
[EventType "team-tourn"]
[EventCountry "GER"]
[WhiteTeam "Leipzig SG"]
[BlackTeam "Aue ESV Nickelhuette II"]
[WhiteTeamCountry "GER"]
[BlackTeamCountry "GER"]

1. c4 e5 2. Nc3 Nc6 3. g3 g6 4. Bg2 Bg7 5. e4 d6 6. Nge2 Be6 7. d3 Qd7 8. Nd5
Nd8 9. Be3 c6 10. Ndc3 Bh3 11. O-O Bxg2 12. Kxg2 f5 13. d4 Nf6 14. dxe5 dxe5
15. Qxd7+ Kxd7 16. Rad1+ Kc7 17. exf5 gxf5 18. f4 e4 19. Nd4 Ng4 20. Nxf5 Rf8
21. h3 Nxe3+ 22. Nxe3 Ne6 23. Nxe4 Bxb2 24. f5 Ng7 25. Nc5 Rae8 26. Rf3 b6 27.
Na6+ Kc8 28. Nb4 Kc7 29. g4 Re4 30. Rd3 a5 31. Nbc2 Ne8 32. Rf1 Nd6 33. Rfd1
Be5 34. Nd4 Re8 35. Ne6+ Kb7 36. c5 1-0

[Event "Oberliga Ost A 2018 2019"]
[Site "?"]
[Date "2018.11.11"]
[Round "3.6"]
[White "Rosko, Lubos"]
[Black "Weitzer, Steffen"]
[Result "1-0"]
[WhiteElo "2264"]
[BlackElo "2283"]
[PlyCount "59"]
[EventDate "2018.10.21"]
[EventType "team-tourn"]
[EventCountry "GER"]
[WhiteTeam "Aue ESV Nickelhuette II"]
[BlackTeam "Leipzig SG"]
[WhiteTeamCountry "GER"]
[BlackTeamCountry "GER"]

1. e4 d6 2. d4 g6 3. Nc3 Bg7 4. Be3 Nf6 5. Qd2 Ng4 6. Bg5 h6 7. Bh4 g5 8. Bg3
e5 9. dxe5 Nxe5 10. h4 g4 11. h5 Be6 12. O-O-O Nbd7 13. f4 gxf3 14. gxf3 Nb6
15. b3 Bf6 16. f4 Nc6 17. Nf3 Bg4 18. Be2 a5 19. a4 Bxf3 20. Bxf3 Nd4 21. Qe3
c5 22. Kb1 Qe7 23. Bg4 Kf8 24. Rhe1 Re8 25. Bh3 Rg8 26. Bh2 Qc7 27. e5 dxe5 28.
fxe5 Bg5 29. Qf2 Ne6 30. Nb5 1-0

[Event "Oberliga Ost A 2018 2019"]
[Site "?"]
[Date "2018.11.11"]
[Round "3.7"]
[White "Hoffmann, Hendrik"]
[Black "Floeter, Frank"]
[Result "1-0"]
[WhiteElo "2277"]
[BlackElo "2134"]
[PlyCount "45"]
[EventDate "2018.10.21"]
[EventType "team-tourn"]
[EventCountry "GER"]
[WhiteTeam "Leipzig SG"]
[BlackTeam "Aue ESV Nickelhuette II"]
[WhiteTeamCountry "GER"]
[BlackTeamCountry "GER"]

1. e4 Nf6 2. e5 Nd5 3. Nc3 e6 4. Nf3 d6 5. exd6 Bxd6 6. Ne4 Be7 7. d4 Nd7 8. c3
N5f6 9. Bd3 Nxe4 10. Bxe4 Nf6 11. Bc2 c5 12. O-O cxd4 13. cxd4 Bd7 14. Ne5 O-O
15. Qd3 Bc6 16. Re1 g6 17. Bh6 Re8 18. Rad1 Bd5 19. Ba4 Bxa2 20. Bxe8 Nxe8 21.
b3 Qd5 22. Ra1 Bb4 23. Re2 1-0

[Event "Oberliga Ost A 2018 2019"]
[Site "?"]
[Date "2018.11.11"]
[Round "3.8"]
[White "Heinz, Juergen"]
[Black "Rausch, Stephan"]
[Result "0-1"]
[WhiteElo "2234"]
[BlackElo "2234"]
[PlyCount "112"]
[EventDate "2018.10.21"]
[EventType "team-tourn"]
[EventCountry "GER"]
[WhiteTeam "Aue ESV Nickelhuette II"]
[BlackTeam "Leipzig SG"]
[WhiteTeamCountry "GER"]
[BlackTeamCountry "GER"]

1. d4 d5 2. Nf3 c6 3. g3 Bg4 4. Bg2 Nd7 5. Nbd2 Ngf6 6. h3 Bxf3 7. Nxf3 e6 8.
Bf4 Qb6 9. O-O Qxb2 10. a4 Qb6 11. Qd3 Qa6 12. Qxa6 bxa6 13. c4 Ne4 14. Rfc1
Bd6 15. Bxd6 Nxd6 16. Nd2 Rb8 17. cxd5 cxd5 18. Rc7 Ke7 19. e4 Rhc8 20. Rxc8
Rxc8 21. exd5 Rc2 22. Nb3 Nc4 23. dxe6 fxe6 24. Re1 Kf6 25. Nc5 Nxc5 26. dxc5
Ne5 27. c6 Nxc6 28. Rd1 Ke7 29. Rb1 Nd8 30. Be4 Rc4 31. Bxh7 Rxa4 32. Kg2 a5
33. Rc1 Kd7 34. g4 Nc6 35. f3 Nd4 36. Kf2 Kd6 37. h4 Rb4 38. h5 a4 39. g5 Ke5
40. Bd3 Kf4 41. h6 Rb2+ 42. Kf1 gxh6 43. gxh6 Rh2 44. h7 Nxf3 45. Rc2 Rh6 46.
Rc8 a3 47. Bb1 Nd2+ 48. Ke1 Nxb1 49. h8=Q Rxh8 50. Rxh8 a2 51. Rh4+ Ke3 52. Ra4
Nc3 53. Rxa7 Kd3 54. Kf2 Kc2 55. Ke3 Kb3 56. Rxa2 Kxa2 0-1

[Event "Oberliga Ost A 2018 2019"]
[Site "?"]
[Date "2018.11.11"]
[Round "3.1"]
[White "Pallas, Sebastian"]
[Black "Pietsch, Michael"]
[Result "1-0"]
[WhiteElo "2270"]
[BlackElo "2207"]
[PlyCount "75"]
[EventDate "2018.10.21"]
[EventType "team-tourn"]
[EventCountry "GER"]
[WhiteTeam "Loeberitz SG"]
[BlackTeam "Coswig TuS"]
[WhiteTeamCountry "GER"]
[BlackTeamCountry "GER"]

1. e4 c6 2. d4 d5 3. Nc3 dxe4 4. Nxe4 Bf5 5. Ng3 Bg6 6. h4 h6 7. Nf3 Nd7 8. h5
Bh7 9. Bd3 Bxd3 10. Qxd3 e6 11. Bd2 Ngf6 12. O-O-O Be7 13. Ne4 Nxe4 14. Qxe4
Nf6 15. Qe2 Qd5 16. c4 Qe4 17. Qf1 O-O 18. Re1 Qf5 19. Ne5 Ng4 20. f3 Nxe5 21.
Rxe5 Qh7 22. Qe2 Rfd8 23. Re4 Bf6 24. Be3 Rd7 25. g4 Rad8 26. Rd1 a6 27. Qc2 g5
28. hxg6 Qxg6 29. f4 Bg7 30. f5 exf5 31. gxf5 Qf6 32. Rg4 Kh7 33. d5 h5 34. Rh1
Kg8 35. Rxh5 Re8 36. Qh2 Kf8 37. Bc5+ Rd6 38. Qxd6+ 1-0

[Event "Oberliga Ost A 2018 2019"]
[Site "?"]
[Date "2018.11.11"]
[Round "3.2"]
[White "Schweitzer, Andreas"]
[Black "Reizniece Ozola, Dana"]
[Result "1-0"]
[WhiteElo "2261"]
[BlackElo "2312"]
[PlyCount "83"]
[EventDate "2018.10.21"]
[EventType "team-tourn"]
[EventCountry "GER"]
[WhiteTeam "Coswig TuS"]
[BlackTeam "Loeberitz SG"]
[WhiteTeamCountry "GER"]
[BlackTeamCountry "GER"]

1. e4 g6 2. d4 Bg7 3. Nc3 d6 4. f4 a6 5. Nf3 b5 6. Bd3 Nd7 7. a4 b4 8. Ne2 c5
9. c3 Bb7 10. O-O d5 11. e5 e6 12. cxb4 cxd4 13. a5 Ne7 14. Nexd4 O-O 15. Bd2
Nf5 16. Qe2 Re8 17. Nxf5 exf5 18. Nd4 Nf6 19. b5 Ne4 20. bxa6 Bxa6 21. Bxa6
Nxd2 22. Qxd2 Rxa6 23. b4 Bf8 24. b5 Ra8 25. Rfc1 Qb8 26. b6 Rc8 27. Nc6 Qb7
28. Qxd5 Rd8 29. Qb5 Rd2 30. a6 Qd7 31. b7 Rd8 32. Qf1 Re8 33. b8=Q Rxb8 34.
Nxb8 Qa7+ 35. Kh1 Qxb8 36. a7 Qa8 37. Qf3 Rd8 38. Qxa8 Rxa8 39. Rc7 f6 40. Rb1
Rd8 41. g3 fxe5 42. fxe5 1-0

[Event "Oberliga Ost A 2018 2019"]
[Site "?"]
[Date "2018.11.11"]
[Round "3.3"]
[White "Niegsch, Nicolas"]
[Black "Hofmann, Rares"]
[Result "1-0"]
[WhiteElo "2213"]
[BlackElo "2246"]
[PlyCount "79"]
[EventDate "2018.10.21"]
[EventType "team-tourn"]
[EventCountry "GER"]
[WhiteTeam "Loeberitz SG"]
[BlackTeam "Coswig TuS"]
[WhiteTeamCountry "GER"]
[BlackTeamCountry "GER"]

1. d4 d5 2. c4 c6 3. Nf3 Nf6 4. Nc3 e6 5. Bg5 h6 6. Bh4 Nbd7 7. e3 Bd6 8. Bd3
O-O 9. cxd5 exd5 10. Qc2 Re8 11. g4 b5 12. g5 hxg5 13. Nxg5 b4 14. Na4 Bb7 15.
Rg1 Qe7 16. Nh7 Qd8 17. O-O-O Be7 18. Rxg7+ Kxg7 19. Rg1+ Kh8 20. Nxf6 Nxf6 21.
Bxf6+ Bxf6 22. Qe2 Bg7 23. Qh5+ Kg8 24. Qh7+ Kf8 25. Qxg7+ Ke7 26. Bg6 Kd7 27.
Qxf7+ Re7 28. Qf4 c5 29. Bf5+ Kc6 30. Rg6+ Kb5 31. Nxc5 Qc7 32. Bd3+ Ka5 33.
Qh6 a6 34. a3 bxa3 35. e4 Qxc5+ 36. dxc5 a2 37. Qd2+ Ka4 38. Qc2+ Ka5 39. Qc3+
Ka4 40. Qa3# 1-0

[Event "Oberliga Ost A 2018 2019"]
[Site "?"]
[Date "2018.11.11"]
[Round "3.4"]
[White "Mueller, Richard"]
[Black "Schuetze, Norman"]
[Result "0-1"]
[WhiteElo "2185"]
[BlackElo "2267"]
[PlyCount "88"]
[EventDate "2018.10.21"]
[EventType "team-tourn"]
[EventCountry "GER"]
[WhiteTeam "Coswig TuS"]
[BlackTeam "Loeberitz SG"]
[WhiteTeamCountry "GER"]
[BlackTeamCountry "GER"]

1. d4 d5 2. c4 e6 3. Nc3 Bb4 4. e3 Nf6 5. Nge2 O-O 6. a3 Be7 7. cxd5 exd5 8.
Nf4 c6 9. Bd3 Bd6 10. O-O Re8 11. Qc2 Nbd7 12. f3 Nf8 13. Qf2 Ne6 14. Nxe6 Bxe6
15. Bd2 Qd7 16. Rae1 Bf5 17. Be2 h5 18. Kh1 g6 19. Bd1 Kg7 20. Bb3 h4 21. e4
dxe4 22. Nxe4 Be7 23. Bc3 Nd5 24. Bd2 Rad8 25. Re2 Qc7 26. Rfe1 Rh8 27. Nc3 Bf6
28. Rc1 Nf4 29. Bxf4 Qxf4 30. Rd1 Bxd4 31. Rxd4 Qxd4 32. Qe1 Rd7 33. h3 Qf4 34.
Ne4 Re8 35. Qc3+ Qe5 36. Qb4 Qe7 37. Qc3+ Qe5 38. Qb4 a5 39. Qe1 Rde7 40. Qxh4
Bxe4 41. Rxe4 Qf6 42. Rxe7 Rxe7 43. Qf2 Qe5 44. Qc2 Qg3 0-1

[Event "Oberliga Ost A 2018 2019"]
[Site "?"]
[Date "2018.11.11"]
[Round "3.5"]
[White "Schindler, Christian"]
[Black "Klawa, Patrick"]
[Result "1-0"]
[WhiteElo "2193"]
[BlackElo "2188"]
[PlyCount "79"]
[EventDate "2018.10.21"]
[EventType "team-tourn"]
[EventCountry "GER"]
[WhiteTeam "Loeberitz SG"]
[BlackTeam "Coswig TuS"]
[WhiteTeamCountry "GER"]
[BlackTeamCountry "GER"]

1. d4 f5 2. Nf3 Nf6 3. c4 e6 4. Nc3 d5 5. Bf4 c6 6. e3 Be7 7. Be2 O-O 8. Ne5
Ne4 9. h3 Nd7 10. Nxd7 Qxd7 11. Nxe4 fxe4 12. O-O Bf6 13. Rc1 b6 14. Bg3 Bb7
15. Qa4 Qf7 16. b4 a6 17. Qb3 b5 18. cxb5 axb5 19. Bxb5 cxb5 20. Rc7 Qh5 21.
Rxb7 Qe2 22. Qd1 Qxa2 23. Rxb5 Qc4 24. Rb6 Rfc8 25. Rxe6 Qd3 26. Qxd3 exd3 27.
Rd1 Ra3 28. b5 Rc2 29. Rc6 Rb2 30. b6 Rab3 31. b7 Rxb7 32. Rxd3 h5 33. Rd1 h4
34. Be5 Bxe5 35. dxe5 Re2 36. e6 Kf8 37. Rxd5 Rb1+ 38. Kh2 Rxf2 39. Rd8+ Ke7
40. Rd7+ 1-0

[Event "Oberliga Ost A 2018 2019"]
[Site "?"]
[Date "2018.11.11"]
[Round "3.7"]
[White "Kalkhof, Stefan"]
[Black "Piotraschke, Jens"]
[Result "1-0"]
[WhiteElo "2200"]
[BlackElo "2158"]
[PlyCount "91"]
[EventDate "2018.10.21"]
[EventType "team-tourn"]
[EventCountry "GER"]
[WhiteTeam "Loeberitz SG"]
[BlackTeam "Coswig TuS"]
[WhiteTeamCountry "GER"]
[BlackTeamCountry "GER"]

1. Nf3 Nf6 2. c4 b6 3. g3 Bb7 4. Bg2 e6 5. Nc3 Be7 6. b3 O-O 7. O-O c5 8. Bb2
d6 9. e3 a6 10. a3 Qc7 11. Qc2 Nc6 12. Rac1 Rad8 13. Rfd1 Ne5 14. e4 Nxf3+ 15.
Bxf3 Nd7 16. Bg2 Bf6 17. Ne2 Bxb2 18. Qxb2 e5 19. Qc2 f5 20. exf5 Bxg2 21. Kxg2
Qb7+ 22. f3 g6 23. Qe4 Qxe4 24. fxe4 gxf5 25. exf5 Rxf5 26. Nc3 Nf6 27. Rf1
Rxf1 28. Rxf1 Kg7 29. Kf3 Kf7 30. Ne4 Nxe4 31. Kxe4+ Ke6 32. Rf5 Rg8 33. Rh5
Rg4+ 34. Ke3 Rg7 35. Rh6+ Kd7 36. Ke4 Kc6 37. Kf5 Rf7+ 38. Rf6 Rg7 39. g4 b5
40. g5 bxc4 41. bxc4 e4 42. h4 Re7 43. Re6 e3 44. dxe3 Rf7+ 45. Rf6 Re7 46. e4
1-0

[Event "Oberliga Ost A 2018 2019"]
[Site "?"]
[Date "2018.11.11"]
[Round "3.8"]
[White "Merker, Matthias"]
[Black "Boehm, Christian"]
[Result "1/2-1/2"]
[WhiteElo "2130"]
[BlackElo "2072"]
[PlyCount "85"]
[EventDate "2018.10.21"]
[EventType "team-tourn"]
[EventCountry "GER"]
[WhiteTeam "Coswig TuS"]
[BlackTeam "Loeberitz SG"]
[WhiteTeamCountry "GER"]
[BlackTeamCountry "GER"]

1. d4 d6 2. c4 e5 3. Nf3 Nd7 4. Nc3 Ngf6 5. e4 g6 6. Be2 Bg7 7. O-O O-O 8. Be3
c6 9. h3 exd4 10. Nxd4 Re8 11. f3 d5 12. cxd5 Nxd5 13. Bf2 Nf4 14. Kh1 Ne5 15.
Rg1 Qg5 16. Qf1 Qh5 17. Kh2 Nxe2 18. Qxe2 f5 19. Rge1 f4 20. Qf1 Bd7 21. Rad1
Rad8 22. Nb3 b6 23. Nc1 Be6 24. Rxd8 Rxd8 25. Rd1 Qg5 26. Rxd8+ Qxd8 27. Qd1
Qxd1 28. Nxd1 Kf7 29. Kg1 Ke7 30. Kf1 Kd6 31. Ke2 c5 32. Be1 Bf6 33. Bc3 Bc4+
34. Kf2 b5 35. a3 Bh4+ 36. Kg1 Nc6 37. b3 Bf7 38. Kf1 a5 39. Nb2 c4 40. bxc4
bxc4 41. Ne2 Bg5 42. Ke1 Kc5 43. Kd2 1/2-1/2

[Event "Oberliga Ost A 2018 2019"]
[Site "?"]
[Date "2018.11.11"]
[Round "3.1"]
[White "Zwahr, Paul"]
[Black "Hollan, Martin"]
[Result "0-1"]
[WhiteElo "2271"]
[BlackElo "2333"]
[PlyCount "86"]
[EventDate "2018.10.21"]
[EventType "team-tourn"]
[EventCountry "GER"]
[WhiteTeam "Dresden SG Gruen Weiss"]
[BlackTeam "Magdeburg SV Rochade"]
[WhiteTeamCountry "GER"]
[BlackTeamCountry "GER"]

1. e4 e5 2. Nf3 Nc6 3. Bc4 Nf6 4. d3 Be7 5. O-O O-O 6. Re1 d6 7. a4 Kh8 8. a5
a6 9. h3 Ng8 10. Nc3 f5 11. exf5 Bxf5 12. Nd5 Bf6 13. c3 Nce7 14. g4 Bc8 15.
Nxe7 Bxe7 16. d4 d5 17. Bf1 e4 18. Ne5 Nf6 19. Bg2 Nd7 20. Nxd7 Bxd7 21. Rf1
Bb5 22. Re1 Bh4 23. Be3 Qf6 24. Qd2 Rf7 25. b3 Bd3 26. Bf1 Bxf1 27. Rxf1 Qf3
28. Kh2 Raf8 29. Ra2 Bg3+ 30. fxg3 Qxf1 31. Bf4 Kg8 32. g5 Rxf4 33. gxf4 Rxf4
34. Qe2 Qxe2+ 35. Rxe2 Rf3 36. Rc2 Rd3 37. c4 e3 38. Kg3 Rxd4 39. cxd5 Rxd5 40.
Rxc7 Rxg5+ 41. Kf3 Rh5 42. Rc3 h6 43. Kxe3 Rxa5 0-1

[Event "Oberliga Ost A 2018 2019"]
[Site "?"]
[Date "2018.11.11"]
[Round "3.2"]
[White "Mikes, Jan"]
[Black "Siedentopf, Daniel"]
[Result "1/2-1/2"]
[WhiteElo "2298"]
[BlackElo "2283"]
[PlyCount "91"]
[EventDate "2018.10.21"]
[EventType "team-tourn"]
[EventCountry "GER"]
[WhiteTeam "Magdeburg SV Rochade"]
[BlackTeam "Dresden SG Gruen Weiss"]
[WhiteTeamCountry "GER"]
[BlackTeamCountry "GER"]

1. e4 e6 2. d4 d5 3. Nc3 Bb4 4. e5 Ne7 5. a3 Bxc3+ 6. bxc3 c5 7. Qg4 O-O 8. Bd3
Nbc6 9. Nf3 f5 10. exf6 Rxf6 11. Bg5 e5 12. Qh4 e4 13. Bxf6 gxf6 14. Qxf6 exd3
15. cxd3 cxd4 16. Qg5+ Kf7 17. Qh5+ Kg7 18. Qg5+ Kf7 19. cxd4 Qa5+ 20. Qd2
Qxd2+ 21. Kxd2 Kf6 22. Rhe1 Be6 23. Rab1 Rg8 24. g3 Rb8 25. Ne5 Nxd4 26. Rb4
Nec6 27. Nxc6 Nxc6 28. Rf4+ Ke7 29. Rh4 Kd6 30. Rxh7 Nd4 31. Rb1 b5 32. Rxa7
Bd7 33. Ra6+ Nc6 34. Rc1 Kc7 35. Ra7+ Kd6 36. Ra6 Kc7 37. a4 b4 38. a5 Rb5 39.
Rb6 Rxa5 40. Rxb4 Ra2+ 41. Ke3 Kd6 42. Rxc6+ Bxc6 43. d4 Ra3+ 44. Kf4 Ra2 45.
Kf3 Ra3+ 46. Kf4 1/2-1/2